| 000 | 00672nam a22001337a 4500 | ||
|---|---|---|---|
| 040 | _cRUA | ||
| 082 | _aAGR VA 2016 B632 Or.1 | ||
| 100 | _aVA CHAMNAB,វ៉ា ចំណាប់ | ||
| 245 | _aeffect of different rates of biochar in rice bran residues on growth and mycelium of trichoderma,ឥទិធពលនៃអត្រា biochar ក្នុងកន្ទក់លើការលូតលាស់របស់ផ្សិត trichodermaនិងចំនួនស្ប៉ | ||
| 260 |
_aphnom penh _bRUA _c2016 |
||
| 300 |
_axi;29p; _bill; _c29cm; |
||
| 856 | _uhttps://drive.google.com/file/d/1HPU8Ve16CnbxJJdIARL85CjZuw38KAhx/view?usp=sharing | ||
| 942 | _cAGR | ||
| 999 |
_c17877 _d17877 |
||